000 00383nam a2200169Ia 4500
008 230524s9999 xx 000 0 und d
020 _a007063870X
082 _a4
_bALF
100 _aHerbert Schlidt
245 0 _aTeach Yourself C++
250 _a1ST
260 _aNEW DELHI
_bTMH
_c2002
300 _aX;470
500 _aQuantity Number: 6
650 _aComp-Sc
942 _cBK
999 _c24614
_d24614